00646nam a2200229 a 4500001001300000003000900013005001700022008004100039020001000080082001300090100002900103245003000132260004300162300000900205500003500214650001500249700002900264902000800293942000700301952009300308999001500401nice12345678IN_TiNIC20260116011858.0080507s1919 laha grp 000 0 urd  ac10000a220bCTS aCatholic Truth Society,  aYasu Masih Ka Ahad Jadeed aLahore bCatholic Truth Society c1919 a328p aincludes index and biblioraphy aBible-Urdu1 aCatholic Truth Society,  bSRS cBK 00104070aHMIbHMId2008-05-12g100.00l0o220 CTSp8566r2008-05-12w2026-01-16yARB c4661d4661